[Event "ROM-chT"]
[Site "Calimanesti Caciulata"]
[Date "2016.11.20"]
[Round "2.2"]
[White "Baciu, Stefan"]
[Black "Vasile, Claudiu Daniel"]
[Result "1/2-1/2"]
[WhiteElo "2172"]
[BlackElo "2231"]
[PlyCount "46"]
[EventDate "2016.11.19"]
[EventType "team-tourn"]
[EventRounds "9"]
[EventCountry "ROU"]
[SourceTitle "CBM 175 Extra"]
[Source "ChessBase"]
[SourceDate "2016.12.12"]
[SourceVersion "1"]
[SourceVersionDate "2016.12.12"]
[SourceQuality "1"]
[WhiteTeam "Techirghiol Victoria"]
[BlackTeam "Otopeni"]
[WhiteTeamCountry "ROU"]
[BlackTeamCountry "ROU"]

1. d4 d5 2. c4 e6 3. Nc3 c6 4. e3 Bd6 5. Bd3 f5 6. g4 Nf6 7. gxf5 exf5 8. cxd5 Nxd5 9. Nxd5 cxd5 10. Qb3 Nc6 11. Bd2 Qe7 12. Ne2 Be6 13. 0-0-0 0-0 14. Kb1 a5 15. Ka1 a4 16. Qb6 a3 17. b3 Rfc8 18. Rc1 Qd8 19. Qxd8+ Rxd8 20. Kb1 Kf7 21. Bb5 Na7 22. Bd3 Nc6 23. Bb5 Na7 1/2-1/2

[Event "ROM-chT"]
[Site "Calimanesti Caciulata"]
[Date "2016.11.19"]
[Round "1.4"]
[White "Ungureanu, Vlad"]
[Black "Baciu, Stefan"]
[Result "0-1"]
[WhiteElo "2281"]
[BlackElo "2172"]
[PlyCount "82"]
[EventDate "2016.11.19"]
[EventType "team-tourn"]
[EventRounds "9"]
[EventCountry "ROU"]
[SourceTitle "CBM 175 Extra"]
[Source "ChessBase"]
[SourceDate "2016.12.12"]
[SourceVersion "1"]
[SourceVersionDate "2016.12.12"]
[SourceQuality "1"]
[WhiteTeam "Iasi Politehnica"]
[BlackTeam "Techirghiol Victoria"]
[WhiteTeamCountry "ROU"]
[BlackTeamCountry "ROU"]

1. d4 d5 2. c4 e6 3. Nc3 Nf6 4. Nf3 Be7 5. Bg5 h6 6. Bh4 0-0 7. e3 b6 8. g4 Ne4 9. Bxe7 Qxe7 10. h4 Bb7 11. g5 Nxc3 12. bxc3 h5 13. g6 Nd7 14. Rg1 fxg6 15. Ng5 Rf6 16. Qc2 e5 17. Bd3 e4 18. Bf1 c6 19. Qb3 Kh8 20. cxd5 cxd5 21. Nh3 Nf8 22. Nf4 Qd6 23. Bh3 Rxf4 24. exf4 Qxf4 25. Rg3 Re8 26. Re3 Qxh4 27. Qa4 Re7 28. Ke2 a5 29. Qb5 Ne6 30. Bxe6 Rxe6 31. Rg1 Kh7 32. Ke1 Rf6 33. Rgg3 Qh1+ 34. Qf1 Qxf1+ 35. Kxf1 Ba6+ 36. Kg2 Bc4 37. a3 Rf4 38. f3 g5 39. Kh3 Rxf3 40. Rgxf3 exf3 41. Rxf3 b5 0-1

[Event "ROM-chT "]
[Site "Mamaia"]
[Date "2015.10.11"]
[Round "9.4"]
[White "Vasiesiu, Cristina"]
[Black "Baciu, Stefan"]
[Result "0-1"]
[WhiteElo "2204"]
[BlackElo "2150"]
[PlyCount "82"]
[EventDate "2015.10.03"]
[EventType "team-tourn"]
[EventRounds "9"]
[EventCountry "ROU"]
[SourceTitle "CBM 168 Extra"]
[Source "ChessBase"]
[SourceDate "2015.10.29"]
[SourceVersion "1"]
[SourceVersionDate "2015.10.29"]
[SourceQuality "1"]
[WhiteTeam "Satu Mare Apollo"]
[BlackTeam "Moreni Petrom"]
[WhiteTeamCountry "ROU"]
[BlackTeamCountry "ROU"]

1. e4 d6 2. d4 Nf6 3. Nc3 g6 4. Nf3 c6 5. Bd3 Bg7 6. Be3 Qc7 7. h3 0-0 8. Qd2 Re8 9. Bh6 e5 10. Bxg7 Kxg7 11. 0-0 Nbd7 12. Rfe1 b6 13. Rad1 Bb7 14. Ne2 c5 15. dxe5 Nxe5 16. Nxe5 Rxe5 17. Ng3 c4 18. Bf1 Bxe4 19. Nxe4 Nxe4 20. Qd4 Nf6 21. Bxc4 Rae8 22. Rxe5 dxe5 23. Qd3 Qc5 24. c3 Re7 25. b4 Qc7 26. Bb5 a6 27. Ba4 b5 28. Bb3 Rd7 29. Qc2 Rxd1+ 30. Qxd1 Qxc3 31. Qd6 Qc1+ 32. Kh2 Qf4+ 33. Kg1 Qxf2+ 34. Kxf2 Ne4+ 35. Ke3 Nxd6 36. Bd5 f5 37. g3 Kf6 38. Kf3 e4+ 39. Ke3 Ke5 40. Bg8 h6 41. a4 f4+ 0-1

[Event "ROM-chT2"]
[Site "Calimanesti"]
[Date "2014.11.11"]
[Round "4.6"]
[White "Baciu, Stefan"]
[Black "Nedelcu, Ionut"]
[Result "1/2-1/2"]
[WhiteElo "2173"]
[BlackElo "1962"]
[PlyCount "36"]
[EventDate "2014.11.08"]
[EventType "team-tourn"]
[EventRounds "9"]
[EventCountry "ROU"]
[SourceTitle "CBM 163 Extra"]
[Source "ChessBase"]
[SourceDate "2014.12.23"]
[SourceVersion "1"]
[SourceVersionDate "2014.12.23"]
[SourceQuality "1"]
[WhiteTeam "Moreni Petrom"]
[BlackTeam "Targoviste Chindia"]
[WhiteTeamCountry "ROU"]
[BlackTeamCountry "ROU"]

1. d4 Nf6 2. c4 g6 3. Nc3 d5 4. Nf3 Bg7 5. Bg5 Ne4 6. Bh4 Nxc3 7. bxc3 dxc4 8. Qa4+ c6 9. Qxc4 Qa5 10. e3 Na6 11. Qb3 Nc5 12. Qb4 Qxb4 13. cxb4 Ne4 14. Bd3 Nd6 15. 0-0 a5 16. a3 h6 17. Rfc1 Nf5 18. Bg3 Nxg3 1/2-1/2

[Event "ROM-chT2"]
[Site "Calimanesti"]
[Date "2014.11.09"]
[Round "2.6"]
[White "Baciu, Stefan"]
[Black "Cimpean, Andra"]
[Result "1-0"]
[WhiteElo "2173"]
[BlackElo "1927"]
[PlyCount "117"]
[EventDate "2014.11.08"]
[EventType "team-tourn"]
[EventRounds "9"]
[EventCountry "ROU"]
[SourceTitle "CBM 163 Extra"]
[Source "ChessBase"]
[SourceDate "2014.12.23"]
[SourceVersion "1"]
[SourceVersionDate "2014.12.23"]
[SourceQuality "1"]
[WhiteTeam "Moreni Petrom"]
[BlackTeam "Satu Mare Apollo"]
[WhiteTeamCountry "ROU"]
[BlackTeamCountry "ROU"]

1. d4 f5 2. Nf3 e6 3. Bg5 Nf6 4. Nbd2 h6 5. Bxf6 Qxf6 6. e4 b6 7. Ne5 g6 8. exf5 exf5 9. Bc4 Rh7 10. 0-0 Nc6 11. Re1 Nxe5 12. Rxe5+ Re7 13. Qf3 Rb8 14. Rae1 Bb7 15. Bd5 Bxd5 16. Qxd5 Qf7 17. Rxe7+ Bxe7 18. Qe5 d6 19. Qb5+ Kf8 20. Qc6 Bf6 21. c3 Rd8 22. d5 Qd7 23. Qc4 a5 24. Re6 Kf7 25. h4 Re8 26. Rxe8 Kxe8 27. h5 g5 28. Qd3 Kd8 29. Nc4 f4 30. Nd2 Qf7 31. Qf5 Qe7 32. Ne4 Be5 33. Qg6 Qg7 34. Qe6 Qf8 35. f3 Qg7 36. a4 Qf8 37. Kf1 Bg7 38. Qg6 Qe7 39. Ke2 Qf8 40. Kd3 Qe7 41. Kc4 Qe5 42. Qf7 Qe7 43. Qxe7+ Kxe7 44. b4 axb4 45. cxb4 Kd7 46. Kb5 Bd4 47. a5 bxa5 48. bxa5 Kc8 49. Kc6 Be5 50. a6 Kb8 51. Nf2 Ka7 52. Ng4 Bg7 53. Kxc7 Bf8 54. Kd7 Kxa6 55. Ke8 Bg7 56. Kf7 Bd4 57. Nxh6 Kb5 58. Ke6 Kc5 59. Nf7 1-0

[Event "ROM-chT2"]
[Site "Olanesti"]
[Date "2013.10.20"]
[Round "9.4"]
[White "Baciu, Stefan"]
[Black "Andreescu, Darie Ioan"]
[Result "1-0"]
[WhiteElo "2181"]
[BlackElo "1945"]
[PlyCount "75"]
[EventDate "2013.10.12"]
[EventType "team-tourn"]
[EventRounds "9"]
[EventCountry "ROU"]
[SourceTitle "EXT 2014"]
[Source "ChessBase"]
[SourceDate "2013.11.20"]
[SourceVersion "1"]
[SourceVersionDate "2013.11.20"]
[SourceQuality "1"]
[WhiteTeam "Ploiesti Conpet"]
[BlackTeam "Targoviste University"]
[WhiteTeamCountry "ROU"]
[BlackTeamCountry "ROU"]

1. d4 Nf6 2. c4 g6 3. Nc3 d5 4. Nf3 Bg7 5. e3 0-0 6. Be2 c5 7. 0-0 cxd4 8. exd4 Nc6 9. h3 dxc4 10. Bxc4 Na5 11. Be2 Be6 12. Be3 Rc8 13. Ne5 Nc4 14. Bxc4 Bxc4 15. Nxc4 Rxc4 16. Qb3 Qc8 17. Rac1 Qc6 18. Nd5 Nxd5 19. Rxc4 Qe6 20. Re1 Qd7 21. Rc5 e6 22. Qb5 Qe7 23. Qc4 Qh4 24. Rc8 Nb6 25. Rxf8+ Bxf8 26. Qc7 Nd5 27. Qxb7 Nxe3 28. Rxe3 Qxd4 29. Qb3 Bc5 30. Qb8+ Bf8 31. Qe5 Qa4 32. Rd3 Qxa2 33. Rd8 Qa1+ 34. Kh2 Qc1 35. f4 Qc6 36. Qb8 Qc5 37. b4 Qe7 38. Re8 1-0

[Event "ROM-chT2"]
[Site "Olanesti"]
[Date "2013.10.12"]
[Round "1.3"]
[White "Baciu, Stefan"]
[Black "Bunta, Andrei"]
[Result "1-0"]
[WhiteElo "2181"]
[BlackElo "2019"]
[PlyCount "61"]
[EventDate "2013.10.12"]
[EventType "team-tourn"]
[EventRounds "9"]
[EventCountry "ROU"]
[SourceTitle "EXT 2014"]
[Source "ChessBase"]
[SourceDate "2013.11.20"]
[SourceVersion "1"]
[SourceVersionDate "2013.11.20"]
[SourceQuality "1"]
[WhiteTeam "Ploiesti Conpet"]
[BlackTeam "Ramnicu Valcea"]
[WhiteTeamCountry "ROU"]
[BlackTeamCountry "ROU"]

1. d4 Nf6 2. c4 e6 3. Nc3 Bb4 4. e3 c5 5. Bd3 Nc6 6. Nf3 Bxc3+ 7. bxc3 d6 8. 0-0 e5 9. Nd2 0-0 10. d5 Ne7 11. Re1 Ne8 12. f4 exf4 13. exf4 Nf6 14. Qc2 b5 15. cxb5 Nexd5 16. Ne4 Rb8 17. Bd2 Nxe4 18. Bxe4 Nf6 19. Bc6 Bd7 20. Bxd7 Qxd7 21. a4 d5 22. c4 d4 23. Re5 Rfe8 24. Rae1 Ng4 25. Rxe8+ Rxe8 26. Rxe8+ Qxe8 27. Qd3 Nf6 28. a5 Qe4 29. Qxe4 Nxe4 30. b6 axb6 31. a6 1-0

[Event "ROM-ch"]
[Site "Baile Olanesti"]
[Date "2013.02.18"]
[Round "3"]
[White "Salageanu, Petru Gabriel"]
[Black "Baciu, Stefan"]
[Result "1-0"]
[WhiteElo "2111"]
[BlackElo "2243"]
[PlyCount "87"]
[EventDate "2013.02.16"]
[EventType "swiss"]
[EventRounds "11"]
[EventCountry "ROU"]
[SourceTitle "CBM 153 Extra"]
[Source "ChessBase"]
[SourceDate "2013.04.22"]
[SourceVersion "1"]
[SourceVersionDate "2013.04.22"]
[SourceQuality "1"]

1. e4 d6 2. d4 Nf6 3. Nc3 g6 4. f3 c6 5. Bd3 b5 6. Be3 Nbd7 7. Qd2 Nb6 8. Nge2 a6 9. 0-0 Qc7 10. Nd1 Bb7 11. c3 Bg7 12. Nf2 0-0 13. Bh6 Rfe8 14. Bxg7 Kxg7 15. f4 e5 16. dxe5 dxe5 17. f5 Rad8 18. Qe3 c5 19. Ng3 h6 20. fxg6 fxg6 21. Be2 c4 22. h4 Bc8 23. h5 g5 24. Nh3 Na4 25. Qc1 Rf8 26. Nxg5 Qb6+ 27. Kh1 hxg5 28. Qxg5+ Kh8 29. Kh2 Nh7 30. Qxe5+ Kg8 31. Rad1 Qe6 32. Qc7 Rxd1 33. Rxd1 Nxb2 34. Rd6 Qf7 35. Rg6+ Kh8 36. Qe5+ Nf6 37. Rh6+ Kg8 38. Qg5+ Qg7 39. Rg6 Qxg6 40. Qxg6+ Kh8 41. e5 Ne8 42. Ne4 Bf5 43. Qh6+ Kg8 44. Nf6+ 1-0

[Event "ROM-chTA"]
[Site "Olanesti"]
[Date "2012.10.12"]
[Round "7.4"]
[White "Baciu, Stefan"]
[Black "Gilea, Lucian"]
[Result "1-0"]
[WhiteElo "2226"]
[BlackElo "2245"]
[PlyCount "119"]
[EventDate "2012.10.06"]
[EventType "team-tourn"]
[EventRounds "9"]
[EventCountry "ROU"]
[SourceTitle "CBM 150 Extra"]
[Source "ChessBase"]
[SourceDate "2012.10.19"]
[SourceVersion "1"]
[SourceVersionDate "2012.10.19"]
[SourceQuality "1"]
[WhiteTeam "Ploiesti"]
[BlackTeam "Galati"]
[WhiteTeamCountry "ROU"]
[BlackTeamCountry "ROU"]

1. d4 d6 2. e4 Nf6 3. Nc3 e5 4. Nf3 Nbd7 5. Bc4 Be7 6. 0-0 0-0 7. h3 c6 8. a4 a5 9. Re1 h6 10. Be3 Re8 11. Bb3 Bf8 12. Qd3 Qc7 13. Nh4 exd4 14. Bxd4 Ne5 15. Qd2 c5 16. Bxe5 dxe5 17. Nd5 Nxd5 18. Bxd5 c4 19. Red1 Bc5 20. Qe2 Be6 21. Nf3 Rac8 22. Rd2 Bb6 23. c3 Re7 24. Ne1 Rd8 25. Rad1 Rd6 26. Nc2 Bc5 27. Ne3 Bxe3 28. Qxe3 Qd7 29. Qc5 Bxh3 30. Qxd6 Qg4 31. f3 Qg5 32. Qc5 Kh7 33. Kf1 Bd7 34. Bxc4 Bxa4 35. b3 Bc6 36. Bd5 Be8 37. Qxa5 h5 38. Qc5 h4 39. Re2 b6 40. Qe3 Qg3 41. f4 Qh2 42. f5 f6 43. Qh3 Qf4+ 44. Rf2 Qg5 45. g3 Bh5 46. gxh4 Qh6 47. Re1 Be8 48. Kg1 Ra7 49. Qe3 Qh5 50. Qxb6 Re7 51. Qc5 Rd7 52. c4 Bf7 53. b4 Qg4+ 54. Rg2 Qf3 55. Qe3 Qh5 56. b5 Kg8 57. b6 Bxd5 58. cxd5 Qxh4 59. Rc1 Rb7 60. Rc5 1-0

[Event "ROM-ch"]
[Site "Sarata Monteoru"]
[Date "2012.02.20"]
[Round "10"]
[White "Baciu, Stefan"]
[Black "Adoamnei, Roxana Antonela"]
[Result "1-0"]
[WhiteElo "2222"]
[BlackElo "2005"]
[PlyCount "77"]
[EventDate "2012.02.13"]
[EventType "swiss"]
[EventRounds "11"]
[EventCountry "ROU"]
[SourceTitle "CBM 147 Extra"]
[Source "ChessBase"]
[SourceDate "2012.04.24"]
[SourceVersion "1"]
[SourceVersionDate "2012.04.24"]
[SourceQuality "1"]

1. d4 Nf6 2. Nf3 g6 3. g3 Bg7 4. Bg2 d5 5. 0-0 Ne4 6. c4 c6 7. Qc2 Bf5 8. Qb3 Qb6 9. cxd5 Qxb3 10. axb3 cxd5 11. Nc3 Nxc3 12. bxc3 Nc6 13. Nd2 Rd8 14. e4 dxe4 15. Nxe4 Bc8 16. Re1 0-0 17. Bb2 Rd7 18. b4 a6 19. Nc5 Rc7 20. Bc1 Nxd4 21. cxd4 Bxd4 22. Bf4 Bxa1 23. Rxa1 Rc6 24. Bxc6 bxc6 25. Nxa6 Rd8 26. Nb8 Kg7 27. Nxc6 Rd7 28. Be3 f6 29. Bc5 e5 30. Na5 Kf7 31. Nc4 Ke6 32. Nb6 Rc7 33. Nxc8 Rxc8 34. Ra7 h5 35. h4 Kf5 36. Kg2 g5 37. hxg5 fxg5 38. Be3 Rb8 39. Rg7 1-0

[Event "ROM-ch"]
[Site "Sarata Monteoru"]
[Date "2012.02.19"]
[Round "9"]
[White "Dragomirescu, Robin Alexandru"]
[Black "Baciu, Stefan"]
[Result "1-0"]
[WhiteElo "2340"]
[BlackElo "2222"]
[PlyCount "95"]
[EventDate "2012.02.13"]
[EventType "swiss"]
[EventRounds "11"]
[EventCountry "ROU"]
[SourceTitle "CBM 147 Extra"]
[Source "ChessBase"]
[SourceDate "2012.04.24"]
[SourceVersion "1"]
[SourceVersionDate "2012.04.24"]
[SourceQuality "1"]

1. e4 d6 2. d4 Nf6 3. Nc3 e5 4. Nf3 Nbd7 5. Bc4 Be7 6. 0-0 0-0 7. Re1 c6 8. a4 h6 9. b3 Re8 10. Bb2 Qc7 11. Bd3 Nf8 12. Ne2 Ng6 13. Ng3 Bf8 14. h3 Bd7 15. Qd2 Rad8 16. Nf5 Bc8 17. a5 d5 18. Ng3 Nxe4 19. Nxe4 dxe4 20. Bxe4 f5 21. Bd3 e4 22. Bc4+ Kh7 23. Nh2 Bd6 24. Nf1 f4 25. Be2 f3 26. gxf3 Bxh3 27. fxe4 Rxe4 28. Bh5 Rde8 29. d5 c5 30. Bf3 Rxe1 31. Rxe1 Rxe1 32. Qxe1 Bf5 33. Ne3 Qe7 34. Kf1 Bh3+ 35. Ke2 Bd7 36. Kd1 Be5 37. Ba3 Qf6 38. Be4 Bc3 39. Qg1 Qd4+ 40. Bd3 Be8 41. Kc1 Bxa5 42. Kb1 Bd8 43. Bb2 Qf4 44. Nf5 c4 45. bxc4 Bg5 46. Qe1 Bf7 47. Nxg7 Bf6 48. Nh5 1-0

[Event "ROM-ch"]
[Site "Sarata Monteoru"]
[Date "2012.02.13"]
[Round "1"]
[White "Baciu, Radu George"]
[Black "Baciu, Stefan"]
[Result "0-1"]
[WhiteElo "1767"]
[BlackElo "2222"]
[PlyCount "154"]
[EventDate "2012.02.13"]
[EventType "swiss"]
[EventRounds "11"]
[EventCountry "ROU"]
[SourceTitle "CBM 147 Extra"]
[Source "ChessBase"]
[SourceDate "2012.04.24"]
[SourceVersion "1"]
[SourceVersionDate "2012.04.24"]
[SourceQuality "1"]

1. e4 d6 2. d4 Nf6 3. Nc3 g6 4. Nf3 Bg7 5. Bc4 c6 6. a4 Qa5 7. Bd2 0-0 8. 0-0 Nbd7 9. h3 Qc7 10. Re1 e5 11. Bg5 Re8 12. Bh4 exd4 13. Nxd4 Nc5 14. Qf3 Nh5 15. Nde2 Be6 16. Bxe6 fxe6 17. g4 Rf8 18. Qe3 Nf6 19. b4 Ncd7 20. Bg3 Ne8 21. Nd4 Bxd4 22. Qxd4 Ne5 23. Bxe5 dxe5 24. Qc4 Qe7 25. Rad1 Nc7 26. Rd3 Rf7 27. Kg2 Raf8 28. f3 Na6 29. Na2 Nc7 30. Qc3 Qg5 31. Nc1 h5 32. Nb3 Qf4 33. Qd2 h4 34. Qf2 Na6 35. c3 c5 36. Nxc5 Nxc5 37. bxc5 g5 38. Re2 Rc7 39. Red2 Rfc8 40. Rd6 Kf7 41. Rd7+ Kf6 42. R2d6 a5 43. Rxc7 Rxc7 44. Rd8 Qc1 45. Qa2 Qe1 46. Rd2 Qg3+ 47. Kf1 Qxh3+ 48. Kf2 Qg3+ 49. Kf1 Qf4 50. Qc2 Qe3 51. Re2 Qxc5 52. Qd2 Qe7 53. Rh2 Kg6 54. Qc2 Qa3 55. Qd2 Qxc3 56. Qd1 Qe3 57. Rd2 Rf7 58. Rf2 Qd4 59. Qc1 Qxa4 60. Qc8 Qc6 61. Qg8+ Rg7 62. Qh8 a4 63. Qh5+ Kf6 64. Qh6+ Kf7 65. f4 exf4 66. Qh5+ Ke7 67. Qh6 Qc3 68. Rc2 Qxc2 69. Qxg7+ Kd6 70. Qd4+ Kc6 71. e5 Qc1+ 72. Kg2 h3+ 73. Kh2 Qc2+ 74. Kxh3 Qb3+ 75. Kg2 Qg3+ 76. Kf1 Qf3+ 77. Ke1 Qe3+ 0-1

[Event "ROM-chT"]
[Site "Brasov"]
[Date "2011.10.09"]
[Round "2.2"]
[White "Baciu, Stefan"]
[Black "Szabo, Attila"]
[Result "1-0"]
[WhiteElo "2217"]
[BlackElo "2290"]
[PlyCount "85"]
[EventDate "2011.10.08"]
[EventType "team-tourn"]
[EventRounds "9"]
[EventCountry "ROU"]
[SourceTitle "CBM 144 Extra"]
[Source "ChessBase"]
[SourceDate "2011.10.28"]
[SourceVersion "1"]
[SourceVersionDate "2011.10.28"]
[SourceQuality "1"]
[WhiteTeam "Ploiesti Conpet"]
[BlackTeam "Baia Mare"]
[WhiteTeamCountry "ROU"]
[BlackTeamCountry "ROU"]

1. d4 d5 2. c4 e6 3. Nc3 Nf6 4. Nf3 Be7 5. Bg5 0-0 6. e3 c6 7. Qc2 Nbd7 8. h3 h6 9. Bf4 b6 10. cxd5 exd5 11. Be2 Bb7 12. 0-0 Re8 13. a3 Bf8 14. Rfd1 Qe7 15. Rac1 Qe6 16. Ne5 Bd6 17. Nxd7 Qxd7 18. Bxd6 Qxd6 19. Bf3 Re7 20. e4 dxe4 21. Nxe4 Nxe4 22. Bxe4 Rae8 23. Bf3 Rc8 24. Qa4 a6 25. Qb3 b5 26. Rc5 Rd8 27. Qc3 Re6 28. b4 Rf6 29. Re5 Rf4 30. Qe3 Rxd4 31. Rxd4 Qxd4 32. Qxd4 Rxd4 33. Re7 c5 34. Bxb7 cxb4 35. axb4 Rxb4 36. Bxa6 Rb1+ 37. Kh2 Rb2 38. f3 f6 39. Rb7 g5 40. Bxb5 Kf8 41. Bc6 Rd2 42. Be4 h5 43. Bg6 1-0

[Event "Bucharest Gaudeamus Cup 1st"]
[Site "Bucharest"]
[Date "2011.03.27"]
[Round "5"]
[White "Munteanu, Ali Eduard"]
[Black "Baciu, Stefan"]
[Result "1/2-1/2"]
[WhiteElo "1892"]
[BlackElo "2245"]
[PlyCount "31"]
[EventDate "2011.03.25"]
[EventType "swiss"]
[EventRounds "5"]
[EventCountry "ROU"]
[SourceTitle "CBM 141 Extra"]
[Source "ChessBase"]
[SourceDate "2011.05.03"]
[SourceVersion "1"]
[SourceVersionDate "2011.05.03"]
[SourceQuality "1"]

1. Nf3 d5 2. d4 e6 3. e3 Nf6 4. Bd3 c5 5. c3 Nc6 6. Nbd2 Qc7 7. 0-0 b6 8. e4 cxd4 9. cxd4 dxe4 10. Nxe4 Nb4 11. Bg5 Be7 12. Rc1 Qb7 13. Bxf6 Nxd3 14. Qxd3 gxf6 15. Rfe1 0-0 16. Qe3 1/2-1/2

[Event "ROM-ch op"]
[Site "Sarata Monteoru"]
[Date "2011.02.17"]
[Round "8"]
[White "Baciu, Stefan"]
[Black "Dicu, Razvan Stefan"]
[Result "1/2-1/2"]
[WhiteElo "2236"]
[BlackElo "2087"]
[PlyCount "56"]
[EventDate "2011.02.12"]
[EventType "swiss"]
[EventRounds "11"]
[EventCountry "ROU"]
[SourceTitle "CBM 140 Extra"]
[Source "ChessBase"]
[SourceDate "2011.03.01"]
[SourceVersion "1"]
[SourceVersionDate "2011.03.01"]
[SourceQuality "1"]

1. d4 e6 2. Nf3 Nf6 3. Bg5 c5 4. e3 Be7 5. Bd3 b6 6. Nbd2 Bb7 7. c3 cxd4 8. exd4 Nd5 9. Bxe7 Qxe7 10. 0-0 0-0 11. Be4 d6 12. Re1 Nf6 13. Bxb7 Qxb7 14. Qc2 Nbd7 15. Nc4 Qc7 16. Qb3 Rfc8 17. Ne3 d5 18. Nf1 Rab8 19. Ne5 b5 20. Nd3 a5 21. a3 Ne4 22. Qd1 Rb6 23. Rc1 Rc6 24. Ne3 Nd6 25. Rc2 Nc4 26. Rce2 h6 27. Nf1 Nd6 28. Ng3 Rb6 1/2-1/2

[Event "ROM-ch op"]
[Site "Sarata Monteoru"]
[Date "2011.02.17"]
[Round "7"]
[White "Baratosi, Daniel"]
[Black "Baciu, Stefan"]
[Result "1-0"]
[WhiteElo "2372"]
[BlackElo "2236"]
[PlyCount "49"]
[EventDate "2011.02.12"]
[EventType "swiss"]
[EventRounds "11"]
[EventCountry "ROU"]
[SourceTitle "CBM 140 Extra"]
[Source "ChessBase"]
[SourceDate "2011.03.01"]
[SourceVersion "1"]
[SourceVersionDate "2011.03.01"]
[SourceQuality "1"]

1. e4 g6 2. d4 Bg7 3. Nc3 d6 4. Be3 c6 5. Nf3 Nf6 6. h3 Qa5 7. Nd2 Nbd7 8. a4 0-0 9. Be2 Qc7 10. g4 e5 11. dxe5 dxe5 12. g5 Ne8 13. h4 Qd8 14. h5 Qe7 15. hxg6 hxg6 16. Bc4 Nc7 17. Qf3 Re8 18. 0-0-0 Ne6 19. Rh2 Ndf8 20. Rdh1 Nf4 21. Bxf4 exf4 22. Qxf4 Be6 23. e5 Bxc4 24. Nxc4 Ne6 25. Qf6 1-0

[Event "ROM-ch op"]
[Site "Sarata Monteoru"]
[Date "2011.02.12"]
[Round "1"]
[White "Patrascu, Catalin Lucian"]
[Black "Baciu, Stefan"]
[Result "0-1"]
[WhiteElo "1821"]
[BlackElo "2236"]
[PlyCount "58"]
[EventDate "2011.02.12"]
[EventType "swiss"]
[EventRounds "11"]
[EventCountry "ROU"]
[SourceTitle "CBM 140 Extra"]
[Source "ChessBase"]
[SourceDate "2011.03.01"]
[SourceVersion "1"]
[SourceVersionDate "2011.03.01"]
[SourceQuality "1"]

1. e4 d6 2. d4 Nf6 3. Nc3 g6 4. f3 c6 5. Be3 b5 6. a3 a6 7. Bd3 Nbd7 8. Qd2 Qc7 9. g4 Nb6 10. Nge2 h5 11. e5 dxe5 12. dxe5 Nfd5 13. gxh5 Nxe3 14. Qxe3 Rxh5 15. f4 Be6 16. Ng3 Rh4 17. Qf2 Nd5 18. Nxd5 Bxd5 19. Be4 g5 20. Bxd5 cxd5 21. c3 Rxf4 22. Qe3 0-0-0 23. 0-0-0 e6 24. Rhe1 Bc5 25. Qd2 Rh8 26. Rf1 Qxe5 27. Rde1 Rxf1 28. Nxf1 Qf4 29. Re2 Qxf1+ 0-1

[Event "ROM-chT"]
[Site "Baile Herculane"]
[Date "2010.09.12"]
[Round "9.34"]
[White "Parligras, Mircea Emilian"]
[Black "Baciu, Stefan"]
[Result "1-0"]
[WhiteElo "2601"]
[BlackElo "2210"]
[PlyCount "55"]
[EventDate "2010.09.04"]
[EventType "team-tourn"]
[EventRounds "9"]
[EventCountry "ROU"]
[SourceTitle "EXT 2021"]
[Source "ChessBase"]
[SourceDate "2020.10.23"]
[SourceVersion "1"]
[SourceVersionDate "2020.10.23"]
[SourceQuality "1"]

1. e4 d6 2. d4 Nf6 3. Nc3 g6 4. f4 Bg7 5. Nf3 c5 6. Bb5+ Bd7 7. e5 Ng4 8. Bxd7+ Qxd7 9. d5 dxe5 10. h3 e4 11. hxg4 exf3 12. Qxf3 Na6 13. Bd2 0-0-0 14. 0-0-0 f5 15. gxf5 Qxf5 16. g4 Qf7 17. Rhe1 Nc7 18. Qe3 Bd4 19. Qxe7 Qxe7 20. Rxe7 h5 21. f5 gxf5 22. gxf5 Rhf8 23. d6 Ne8 24. Bh6 Rh8 25. Nb5 Rd7 26. Nxa7+ Kb8 27. Rxd7 Rxh6 28. Rd8+ 1-0

[Event "ROM-chT"]
[Site "Baile Herculane"]
[Date "2010.09.11"]
[Round "8.35"]
[White "Dumitrache, Dragos Nicolae"]
[Black "Baciu, Stefan"]
[Result "1/2-1/2"]
[WhiteElo "2459"]
[BlackElo "2210"]
[PlyCount "104"]
[EventDate "2010.09.04"]
[EventType "team-tourn"]
[EventRounds "9"]
[EventCountry "ROU"]
[SourceTitle "EXT 2021"]
[Source "ChessBase"]
[SourceDate "2020.10.23"]
[SourceVersion "1"]
[SourceVersionDate "2020.10.23"]
[SourceQuality "1"]

1. d4 d5 2. c4 e6 3. Nf3 Nf6 4. Nc3 Nbd7 5. Bg5 c6 6. e3 Qa5 7. Nd2 Bb4 8. Qc2 0-0 9. Be2 c5 10. 0-0 cxd4 11. Nb3 Qd8 12. Nxd4 Bxc3 13. bxc3 dxc4 14. Rab1 Qa5 15. Rb5 Qc7 16. Rb4 Qa5 17. Bh4 Nd5 18. Rxc4 Ne5 19. Nb3 Qa3 20. Rd4 a5 21. Bg3 Ng6 22. Rc1 a4 23. Nd2 Qc5 24. Ne4 Qa5 25. Nd6 e5 26. Nc4 Qc5 27. Nxe5 Nxe3 28. Qe4 Nf5 29. Nxg6 hxg6 30. Rc4 Qa3 31. Bf4 Be6 32. Rb4 Qxa2 33. g4 Nh6 34. Be5 Bd5 35. Qe3 Rfe8 36. Bb5 Bc6 37. Bc4 Qa3 38. Rcb1 Re7 39. Qd4 Rd7 40. Qf4 Re8 41. Bd4 Rde7 42. f3 Re1+ 43. Rxe1 Rxe1+ 44. Kf2 Re8 45. h4 Qa1 46. h5 Qe1+ 47. Kg2 g5 48. Qxg5 Re2+ 49. Bxe2 Qxe2+ 50. Kg1 Qe1+ 51. Kg2 Qe2+ 52. Kg1 Qe1+ 1/2-1/2

[Event "Eforie Nord op 2nd"]
[Site "Eforie Nord"]
[Date "2010.06.27"]
[Round "11"]
[White "Grunberg, Mihai Lucian"]
[Black "Baciu, Stefan"]
[Result "1-0"]
[WhiteElo "2391"]
[BlackElo "2214"]
[PlyCount "87"]
[EventDate "2010.06.18"]
[EventType "swiss"]
[EventRounds "11"]
[EventCountry "ROU"]
[SourceTitle "CBM 137 Extra"]
[Source "ChessBase"]
[SourceDate "2010.09.01"]
[SourceVersion "1"]
[SourceVersionDate "2010.09.01"]
[SourceQuality "1"]

1. e4 d6 2. d4 Nf6 3. Nc3 g6 4. f4 Bg7 5. Nf3 c6 6. Bd3 Bg4 7. h3 Bxf3 8. Qxf3 Qb6 9. e5 Nfd7 10. Be3 Qxb2 11. Kd2 Qb6 12. Rab1 Qc7 13. h4 Nf8 14. h5 Rg8 15. Rb3 dxe5 16. fxe5 Nbd7 17. Rhb1 Rb8 18. Rf1 f5 19. exf6 Bxf6 20. Bc4 Rh8 21. g4 g5 22. Qf5 Nb6 23. Bd3 Qd7 24. Ne4 Qxf5 25. Rxf5 h6 26. Nxf6+ exf6 27. Rxf6 Ke7 28. Rf1 Nd5 29. Bg6 Nxg6 30. hxg6 Rhg8 31. Rf7+ Ke6 32. Rfxb7 Rxb7 33. Rxb7 Rxg6 34. Rxa7 Nf6 35. c4 Nxg4 36. Ra6 Kf5 37. a4 h5 38. Ra5+ Ke4 39. Rxg5 Rxg5 40. Bxg5 Kxd4 41. a5 Ne5 42. a6 Nxc4+ 43. Ke2 c5 44. Bd8 1-0